[Event "4th Al Ain Chess Classic"]
[Site "Al-Ain UAE"]
[Date "2015.12.30"]
[Round "9.59"]
[White "Musallam Salim Al Aamri"]
[Black "Tarini Goyal"]
[Result "0-1"]
[BlackTitle "WFM"]
[WhiteElo "1888"]
[BlackElo "1826"]
[WhiteFideId "22000399"]
[BlackFideId "5082749"]
[EventDate "2015.12.23"]

1. e4 c5 2. Nf3 e6 3. d4 cxd4 4. Nxd4 Nc6 5. Nb5 d6 6. N1c3 a6 7. Nd4 Nf6 8. Be2
Be7 9. O-O O-O 10. Be3 Nxd4 11. Qxd4 b5 12. e5 dxe5 13. Qxe5 Bb7 14. Rad1 Qc8
15. Rd2 b4 16. Na4 Nd5 17. b3 Rd8 18. Rfd1 Bd6 19. Qd4 Nc3 20. Qc4 Nxd1 21. Bxd1
Qxc4 22. bxc4 Bxh2+ 0-1